000 01731cam a22004214i 4500
003 PE-LiUPU
005 20250731184100.0
008 150623s1946 pe a rb 000 0 d
020 _a8481301671
035 _a(Sirsi) i9788481301670
040 _aPE-LiUPU
_bspa
_cPE-LiUPU
_erda
049 _aPRUA
082 0 4 _a808.83
_bG25
_221
100 1 _aGoethe, Johann Wolfgang von,
_eautor.
245 1 0 _aFausto /
_cGoethe.
264 1 _aLima (i.e) Barcelona :
_bEl Comercio,
_c2000.
300 _a478 páginas ;
_c21 centímetros
336 _atext
_2rdacontent
337 _aunmediated
_2rdamedia
338 _avolume
_2rdacarrier
490 0 _aGran Biblioteca Universal de 'El Comercio' ;
_v25
505 0 _aFausto.
526 _aP145
526 _aP127
526 _aP97
526 _aP14
526 _aP07
650 0 4 _aTeatro alemán (Tragedia)
_ySiglo XVIII.
942 _2ddc
_cBOOK
949 _a808.83 G25
_wDEWEY
_c1
_i48422
_d2015-10-1
_e2015-9-30
_lCCODEBUL1
_mBUL
_n3
_r0
_sY
_tBOOK
_u2015-6-24
_xEDUCACION
_zUNKNOWN
_0COMPRA
_o.STAFF. Colección General
949 _a808.83 G25 1946
_wDEWEY
_c1
_iFJ11813
_lCCODEBUJ1
_mBUJ
_p15.00
_r0
_sY
_tBOOK
_u2018-10-15
_xEDUCACIÓN
_PP14
_o.STAFF. Colección General Juliaca
994 _aC0
_bPEPRU
596 _a1 3
999 _a808.83 G25
_wDEWEY
_c27171
_i48422
_d27171
_e2015-9-30
_f2021-11-5
_g5
_lCCODEBUL1
_mBUL
_n3
_p15.00
_q1
_r0
_sY
_tBOOK
_u2015-6-24
_xBIBLIOTECA
_zUNKNOWN
_0COMPRA
_o.STAFF. Colección General
999 _a808.83 G25 1946
_wDEWEY
_c1
_iFJ11813
_f2022-2-2
_g2
_lCCODEBUJ1
_mBUJ
_p15.00
_r0
_sY
_tBOOK
_u2018-10-15
_xEDUCACION
_PP14
_0COMPRA
_o.STAFF. Colección General Juliaca
980 _81
_gALBERTO SANCHEZ Responsable de Automatización